ბათუმის შოთა რუსთაველის სახელმწიფო უნივერსიტეტის ბიბლიოთეკა

იმუნოლოგია (ბიბ.ჩანაწერი № 49200)

000 -LEADER
fixed length control field 00707nam a2200229Ia 4500
001 - CONTROL NUMBER
control field 16111
003 - CONTROL NUMBER IDENTIFIER
control field GE_BSU
008 - FIXED-LENGTH DATA ELEMENTS--GENERAL INFORMATION
fixed length control field 181216s||||||||xx |||||||||||||| ||und||
020 ## - INTERNATIONAL STANDARD BOOK NUMBER
International Standard Book Number 978-9941-0-4126-6
040 ## - CATALOGING SOURCE
Transcribing agency GE_BSU
100 ## - MAIN ENTRY--PERSONAL NAME
Personal name ჩიქოვანი, თინათინ
245 ## - TITLE STATEMENT
Title იმუნოლოგია
245 ## - TITLE STATEMENT
Remainder of title მოკლე კურსი.სახელმძღვ
250 ## - EDITION STATEMENT
Edition statement მე-2 გამოც
260 ## - PUBLICATION, DISTRIBUTION, ETC.
Place of publication, distribution, etc. თბილისი
260 ## - PUBLICATION, DISTRIBUTION, ETC.
Name of publisher, distributor, etc. საუნჯე
260 ## - PUBLICATION, DISTRIBUTION, ETC.
Date of publication, distribution, etc. 2012
300 ## - PHYSICAL DESCRIPTION
Extent 229გვ. : სურ., ცხრ. + 3 ჩართ. ფ. ილ. ; 29სმ
653 ## - INDEX TERM--UNCONTROLLED
Uncontrolled term იმუნოლოგია
942 ## - ADDED ENTRY ELEMENTS (KOHA)
Koha item type წიგნი
ეგზემპლარები
Withdrawn status Lost status Damaged status Not for loan Date acquired Barcode Date last seen Price effective from Koha item type
        2018-12-17 39863 2018-12-17 2018-12-17 წიგნი
        2018-12-17 39864 2018-12-17 2018-12-17 წიგნი
        2018-12-17 39865 2018-12-17 2018-12-17 წიგნი
        2018-12-17 39866 2018-12-17 2018-12-17 წიგნი
        2018-12-17 39867 2018-12-17 2018-12-17 წიგნი
        2018-12-17 39868 2018-12-17 2018-12-17 წიგნი
        2018-12-17 39869 2018-12-17 2018-12-17 წიგნი
        2018-12-17 39870 2018-12-17 2018-12-17 წიგნი
        2018-12-17 39871 2018-12-17 2018-12-17 წიგნი
        2018-12-17 39872 2018-12-17 2018-12-17 წიგნი